[Event "SRB-ch Men Semifinal 2019"]
[Site "Kragujevac"]
[Date "2019.03.11"]
[Round "6.9"]
[White "Savic, Miodrag R"]
[Black "Popovic, Milan S"]
[Result "1/2-1/2"]
[WhiteElo "2497"]
[BlackElo "2307"]
[Annotator "TA"]
[PlyCount "87"]
[EventDate "2019.03.08"]
[EventType "swiss"]
[EventCountry "SRB"]
[SourceTitle "playchess.com"]
[Source "ChessBase"]
[SourceQuality "1"]

{[%evp 9,87,2,2,14,19,0,20,20,35,-25,-4,-17,-5,-42,-31,-50,-35,-66,-71,-133,-131,-154,-138,-137,-116,-158,-127,-229,-149,-159,-121,-122,-119,-138,-140,-127,-138,-129,-137,-152,-148,-193,-125,-139,-127,-145,-123,-275,-172,-194,-217,-281,-274,-329,-332,-321,-338,-345,-340,-339,-332,-295,-283,-370,-224,-245,-232,-199,-225,-199,-200,-170,-45,-39,-13,-15,-17,-15,-9,-18]} 1. e4 d6 2. d4 Nf6 3. Nd2 e5 4. c3 g6 5. Ngf3 exd4 6. cxd4 {B07: Pirc Defence: Miscellaneous Systems} Bg7 7. Bd3 O-O 8. O-O c5 9. dxc5 $146 (9. d5 $14) ({Predecessor:} 9. d5 Re8 10. h3 b6 11. Re1 Ba6 12. Bxa6 Nxa6 13. Rb1 b5 14. a4 bxa4 15. Qxa4 Nb4 16. Qb3 a5 17. Qc4 {0-1 (32) Zagrebelny,S (2485)-Zvjaginsev,V (2642) Tula 2019}) 9... dxc5 $11 10. Nc4 Nc6 11. Bg5 Qc7 12. Ne3 Be6 13. Bxf6 Bxf6 14. Bc4 (14. Qe2 $142) 14... Bxb2 $17 {Strongly threatening ...Bxc4.} 15. Rb1 Bxc4 16. Nxc4 Bd4 17. Qc1 Rab8 18. h4 (18. Nxd4 $17 {was called for.} Nxd4 19. Re1) 18... b5 19. Ne3 {[%cal Bc4e3,Be3d5,Bd5f6][%mdl 32]} Qf4 20. Nd5 Qxe4 {[#]} 21. Qxc5 $1 {[%mdl 512]} Bxc5 22. Nf6+ Kg7 23. Nxe4 Be7 24. Rfc1 Rfc8 25. g3 a6 (25... a5 $19 26. Kg2 Nb4) 26. Kg2 Nb4 27. Rd1 Rd8 28. a3 $2 (28. Rxd8 $17 Rxd8 29. a4) 28... Nc6 29. Rdc1 Rbc8 30. Rc3 {[#] White hopes to continue with Rbc1.} Na5 $1 31. Rbc1 Nc4 32. a4 Ba3 33. Rb1 b4 ({But not} 33... bxa4 34. Ne5 $19) 34. Rcb3 h6 35. g4 Re8 36. Re1 Rc7 {Threatens to win with ...Rce7.} 37. Rbb1 Rce7 38. Nc5 Rxe1 39. Rxe1 Rxe1 40. Nxe1 $19 {KBN-KNN} b3 (40... Kf6 $19 {White must now prevent ...Ke5.} 41. f4 Ke7) 41. Nxb3 $15 Nb6 42. a5 {The position is equal.} Nc4 43. Nd3 Be7 44. Kg3 {Accuracy: White = 29%, Black = 49%.} 1/2-1/2

[Event "SRB-ch Men Semifinal 2019"]
[Site "Kragujevac"]
[Date "2019.03.11"]
[Round "6.10"]
[White "Cvetkovic, Srdjan"]
[Black "Nestorovic, Nikola"]
[Result "0-1"]
[WhiteElo "2247"]
[BlackElo "2467"]
[Annotator "TA"]
[PlyCount "75"]
[EventDate "2019.03.08"]
[EventType "swiss"]
[EventCountry "SRB"]
[SourceTitle "playchess.com"]
[Source "ChessBase"]
[SourceQuality "1"]

{[%evp 9,75,2,5,0,12,0,0,0,0,0,0,-24,-21,-15,-9,-17,0,0,-2,-37,-21,-41,-24,-25,-20,-35,0,-35,-22,-52,-47,-48,-36,-52,-52,-64,-75,-56,-50,-59,-51,-66,-23,-35,-31,-44,-44,-73,-79,-68,-63,-81,-46,-46,-46,-46,-45,-46,-40,-35,-48,-36,-44,-61,-49,-279,-261,-29998]} 1. c4 e5 2. g3 Nc6 3. Nc3 Bc5 (3... g6 4. Bg2 Bg7 5. Rb1 d6 6. b4 f5 7. b5 Nce7 8. d3 Nf6 9. e3 O-O 10. Nge2 g5 11. f4 exf4 12. exf4 g4 13. O-O h5 14. Re1 h4 15. Be3 {½-½ (32) Aronian,L (2780)-Duda,J (2739) Batumi 2018}) 4. Na4 d6 5. Bg2 Nf6 6. d3 {A25: English Opening vs King's Indian with ...Nc6 but without early d3} O-O 7. Nf3 a5 $146 ({Predecessor:} 7... Bb6 8. O-O Re8 9. Bg5 h6 10. Bd2 e4 11. Nh4 g5 12. Ng6 fxg6 13. Bc3 exd3 14. Qxd3 {0-1 (23) Towery,B (1805)-Moskalenko,E ICCF email 2010}) 8. O-O {The position is equal.} h6 9. Nxc5 dxc5 10. Be3 Qe7 11. Nd2 Bd7 12. Nb1 Rad8 13. Nc3 Nd4 14. a3 b6 15. Rb1 Rfe8 16. Re1 Bf5 17. Qa4 Bd7 18. Qd1 Qd6 19. Nd5 a4 20. Bxd4 exd4 21. Nxf6+ Qxf6 22. b4 axb3 $1 23. Qxb3 Re5 24. a4 Rde8 25. Qa2 g5 26. Rb2 Bg4 27. Be4 Bf5 28. Bxf5 Rxf5 ({Much worse is} 28... Qxf5 29. a5 $11) 29. Rf1 Ra8 30. Rb5 h5 31. a5 h4 $36 {[%mdl 2048] Black has the initiative.} 32. axb6 Rxa2 33. bxc7 Qe6 {[#] White must now prevent ...Kg7.} 34. Rb8+ Kg7 {( -> ...Rxf2!)} 35. c8=Q Qxc8 36. Rxc8 Rxe2 37. f4 $2 {[#]} ({Better is} 37. Kg2 $15) 37... h3 $1 $19 38. fxg5 $2 {Accuracy: White = 44%, Black = 59%.} (38. Rd1 $19) 0-1

[Event "SRB-ch Men Semifinal 2019"]
[Site "Kragujevac"]
[Date "2019.03.12"]
[Round "7.5"]
[White "Zajic, Milan"]
[Black "Ivic, Velimir"]
[Result "1/2-1/2"]
[WhiteElo "2485"]
[BlackElo "2487"]
[Annotator "TA"]
[PlyCount "29"]
[EventDate "2019.03.08"]
[EventType "swiss"]
[EventCountry "SRB"]
[SourceTitle "playchess.com"]
[Source "ChessBase"]
[SourceQuality "1"]

{[%evp 12,29,15,20,21,6,32,21,8,0,0,0,0,0,0,0,0,0,84,67]} 1. e4 c5 2. Nf3 d6 3. Bb5+ Nd7 4. c3 Ngf6 5. Qe2 a6 6. Ba4 b5 7. Bc2 Bb7 {B51: Sicilian: Moscow Variation (3 Bb5+) without 3...Bd7} 8. d4 e6 9. a4 {[%cal Ba2a4,Ba4b5,Bb5a6][%mdl 32]} Be7 {The position is equal.} 10. e5 Bxf3 $146 ({Predecessor:} 10... dxe5 11. dxe5 Nd5 12. axb5 axb5 13. Rxa8 Qxa8 14. Qxb5 N5b6 15. Qe2 {½-½ (78) Maze,S (2582)-Grischuk,A (2774) Berlin 2015}) 11. gxf3 Nd5 12. dxc5 Nxe5 13. cxd6 Bxd6 14. axb5 O-O (14... axb5 $11 {remains equal.} 15. Qxb5+ Ke7 16. Qb7+ Qd7 17. Qxd7+ Nxd7 18. Rxa8 Rxa8) 15. bxa6 1/2-1/2

[Event "SRB-ch Men Semifinal 2019"]
[Site "Kragujevac"]
[Date "2019.03.12"]
[Round "7.6"]
[White "Radovanovic, Mihajlo"]
[Black "Cabarkapa, Novak"]
[Result "1/2-1/2"]
[WhiteElo "2483"]
[BlackElo "2443"]
[Annotator "TA"]
[PlyCount "60"]
[EventDate "2019.03.08"]
[EventType "swiss"]
[EventCountry "SRB"]
[SourceTitle "playchess.com"]
[Source "ChessBase"]
[SourceQuality "1"]

{[%evp 13,60,71,55,65,72,46,37,48,40,0,8,10,15,2,23,14,55,62,64,63,39,0,0,0,0,0,0,0,23,0,0,0,0,-3,0,0,19,0,8,0,0,-49,-22,-39,-21,-31,0,0,0]} 1. d4 Nf6 2. c4 g6 3. Nc3 Bg7 4. e4 O-O 5. Be3 c6 6. f3 d5 7. cxd5 cxd5 8. e5 {E70: King's Indian: Miscellaneous lines with 4 e4, including 5 Nge2 and 5 Bd3 0-0 6 Nge2} Ne8 9. Bd3 (9. h4 f6 10. f4 h5 11. Bd3 Nc6 12. Bxg6 Bg4 13. Nge2 Bh6 14. Qd2 Ng7 15. Bc2 e6 {½-½ (35) Vitiugov,N (2724)-Jobava,B (2714) Helsingor 2017}) 9... f6 10. f4 {White is slightly better.} Bh6 11. Qe2 $146 ({Predecessor:} 11. Qd2 Nc6 12. Nge2 Ng7 13. O-O Bf5 14. a3 Na5 15. Rab1 Nc4 16. Bxc4 dxc4 {0-1 (27) Oliveira,T (2075)-Nanu,C (2505) Ortigueira 2004}) 11... Nc6 12. Nf3 Ng7 13. O-O Bf5 14. Bb5 Ne6 15. Bxc6 bxc6 16. Nh4 $1 fxe5 17. fxe5 Bxe3+ 18. Qxe3 Qb6 19. Nxf5 gxf5 20. Rad1 f4 21. Qf2 Kh8 22. b3 Rf7 23. Ne2 Rg8 {Threatens to win with ...f3.} 24. Kh1 $1 Qa5 25. a4 Qa6 26. Qf3 Rfg7 27. g3 fxg3 28. Nxg3 Rf8 29. Qe2 Rxf1+ 30. Rxf1 Qxe2 {Accuracy: White = 56%, Black = 67%.} 1/2-1/2

[Event "SRB-ch Men Semifinal 2019"]
[Site "Kragujevac"]
[Date "2019.03.12"]
[Round "7.7"]
[White "Svicevic, Rastko"]
[Black "Kovacevic, Aleksandar"]
[Result "0-1"]
[WhiteElo "2223"]
[BlackElo "2494"]
[Annotator "TA"]
[PlyCount "50"]
[EventDate "2019.03.08"]
[EventType "swiss"]
[EventCountry "SRB"]
[SourceTitle "playchess.com"]
[Source "ChessBase"]
[SourceQuality "1"]

{[%evp 18,50,14,7,0,0,14,0,0,0,3,-14,-27,-44,-36,-35,-16,-50,-24,-18,-18,-19,-15,-28,-25,-64,-47,-41,-38,-96,-95,-201,-197,-479,-483]} 1. e4 c5 2. Nf3 d6 3. Bb5+ Nd7 4. c3 Ngf6 5. Qe2 a6 6. Ba4 b5 7. Bc2 e6 {B51: Sicilian: Moscow Variation (3 Bb5+) without 3...Bd7} 8. d4 Bb7 9. O-O Be7 10. Rd1 {LiveBook: 7 Games} (10. Re1 O-O 11. Nbd2 Rc8 12. Nf1 Qc7 13. Bd3 cxd4 14. cxd4 e5 15. d5 Nh5 16. Ng3 Nf4 17. Bxf4 exf4 {1-0 (45) Quesada Perez,Y (2612)-Xiong,J (2675) Saint Louis 2018}) 10... Qc7 11. a4 O-O 12. axb5 $146 ({Predecessor:} 12. Bd3 e5 13. axb5 axb5 14. Rxa8 Rxa8 15. Bxb5 Bxe4 16. Bxd7 Bxb1 {½-½ (40) Karousos Theodorakis,N (2233)-Grapsa,G (2096) Thessaloniki 2018}) 12... axb5 13. Rxa8 Bxa8 14. dxc5 Nxc5 15. e5 dxe5 16. Qxe5 Qc8 17. Nd4 Qb7 {[%csl Ga8][%cal Rb7g2] [#]} 18. f3 b4 19. cxb4 Ncd7 20. Qb5 Bxb4 21. b3 Qxb5 22. Nxb5 Rb8 $36 {[%mdl 2048] Black has the initiative.} 23. Nc7 (23. N1c3 $15) 23... Rc8 $17 24. Nxa8 (24. Na6 $17 Ba5 25. b4 Bb6+ 26. Nc5) 24... Rxc2 $19 25. Be3 $2 {[#]} (25. Bd2 Bc5+ 26. Kf1) 25... Nd5 {Precision: White = 17%, Black = 68%.} 0-1

[Event "SRB-ch Men Semifinal 2019"]
[Site "Kragujevac"]
[Date "2019.03.12"]
[Round "7.8"]
[White "Rabrenovic, Vladan"]
[Black "Damljanovic, Branko"]
[Result "0-1"]
[WhiteElo "2322"]
[BlackElo "2495"]
[Annotator "TA"]
[PlyCount "106"]
[EventDate "2019.03.08"]
[EventType "swiss"]
[EventCountry "SRB"]
[SourceTitle "playchess.com"]
[Source "ChessBase"]
[SourceQuality "1"]

{[%evp 12,106,50,39,51,16,40,27,43,41,53,58,64,53,76,67,63,64,74,62,80,80,73,58,61,58,66,58,57,33,77,43,42,47,46,35,82,18,17,20,25,0,0,0,0,0,0,0,112,112,102,105,118,115,130,50,84,0,0,-116,70,92,125,0,0,0,0,0,0,0,0,0,0,0,0,-156,0,0,0,0,0,0,0,0,7,0,50,0,0,0,0,0,3,0,0,-1838,-4686]} 1. d4 Nf6 2. c4 g6 3. Nc3 Bg7 4. e4 d6 5. Bd3 e5 6. d5 a5 7. Nge2 Na6 {E70: King's Indian: Miscellaneous lines with 4 e4, including 5 Nge2 and 5 Bd3 0-0 6 Nge2} 8. h3 (8. f3 Nh5 9. Be3 O-O 10. Qd2 Nc5 11. Bc2 f5 12. O-O-O f4 13. Bxc5 dxc5 14. d6 Be6 15. dxc7 Qxc7 16. Nd5 Qd8 17. Nec3 Rf7 18. Ba4 Bf8 19. Bb5 Ng7 20. Na4 Bxd5 21. Qxd5 {1-0 (38) Tikkanen,H (2560)-Milov,V (2648) Odense 2011}) 8... c6 9. Be3 Bd7 $146 {White has an edge.} ({Predecessor:} 9... O-O 10. Qd2 Bd7 11. a4 Be8 12. Bb1 cxd5 13. cxd5 Nd7 14. O-O {0-1 (40) Novkovic,M (2396)-Muse,M (2487) Austria 2001}) 10. Na4 Nb4 {[%cal Rc6d5]} 11. Nb6 cxd5 12. cxd5 Nxd3+ 13. Qxd3 Ra6 14. Nxd7 Qxd7 15. O-O O-O 16. Rfc1 Ne8 17. Rc2 f5 18. f3 Bf6 19. a4 Ra8 20. Qb5 Qe7 21. Ra3 fxe4 22. fxe4 Bh4 23. Ra1 {[%cal Ba3a1,Ba1c1,Bc1c8][%mdl 32]} Nf6 24. Qd3 (24. Rac1 $1 $16) 24... Nh5 $11 25. Rac1 $36 {[%mdl 2048] Black is under pressure.} Rf7 26. Rc8+ Rxc8 27. Rxc8+ Kg7 $1 28. Qd2 g5 $1 29. Qc1 Nf4 (29... Qf6 $11) 30. Nxf4 $1 $16 exf4 31. Bd4+ Kh6 32. Qc2 Bg3 33. Rc3 (33. Rg8 $16) 33... g4 {[#] Black wants to play ...gxh3.} 34. hxg4 (34. Rc8 $1 $16) 34... Qh4 $11 {Threatens to win with ...Qh2+.} 35. Kf1 (35. Rf3 $11 {keeps the balance.}) 35... Qxg4 $2 (35... Qh1+ $17 36. Bg1 f3 37. gxf3 Rxf3+ 38. Rxf3 Qxf3+ {[%mdl 64] Double Attack} 39. Bf2 Kg5 40. Qc1+ Bf4) 36. Qe2 $14 Qg6 37. Bf2 ({White should try} 37. Bb6 $16) 37... Bxf2 $11 38. Kxf2 {[%mdl 4096] Endgame KQR-KQR} Re7 39. Rc4 Qg3+ 40. Kf1 Qh4 41. Rc3 {Strongly threatening Rh3.} Kg5 42. Rc8 Kg6 43. Rf8 $2 (43. Rg8+ $11 Rg7 44. Rxg7+ Kxg7 45. Qc4) 43... Qh1+ $2 ({Black should play} 43... Rc7 $17 {( -> ...Rc1+)} 44. Qd2 {[#]} Rc1+ $1 {[%mdl 512]} 45. Ke2 Qh1 46. Rxf4 Qxg2+ 47. Ke3 Qg3+ 48. Ke2 Rg1) 44. Kf2 {White threatens Qg4+ and mate.} Qh4+ 45. Kg1 Kg7 46. Rf5 h6 47. e5 dxe5 48. Rxe5 Rf7 49. d6 f3 $1 {[%cal Rf3f2]} 50. gxf3 Qd4+ 51. Kg2 Qxd6 52. Rxa5 Re7 53. Qc4 $2 {[%mdl 8192]} (53. Qc2 $11) 53... Qd2+ {[%mdl 64] Double Attack. Accuracy: White = 44%, Black = 57%.} 0-1

[Event "SRB-ch Men Semifinal 2019"]
[Site "Kragujevac"]
[Date "2019.03.12"]
[Round "7.9"]
[White "Nestorovic, Nikola"]
[Black "Radovanovic, Nikola"]
[Result "1-0"]
[WhiteElo "2467"]
[BlackElo "2426"]
[Annotator "TA"]
[PlyCount "111"]
[EventDate "2019.03.08"]
[EventType "swiss"]
[EventCountry "SRB"]
[SourceTitle "playchess.com"]
[Source "ChessBase"]
[SourceQuality "1"]

{[%evp 15,111,37,36,23,47,-7,-7,-11,-9,-4,26,26,30,33,33,19,36,20,33,32,38,37,72,81,85,75,89,88,87,87,91,94,106,82,75,69,92,94,99,94,91,94,105,91,112,92,115,92,100,102,106,106,95,85,83,82,79,55,58,11,70,55,57,38,63,28,47,23,57,55,37,49,32,9,35,49,53,50,51,51,51,0,0,0,4,10,158,153,753,747,965,957,956,930,1190,368,1144,1156]} 1. d4 e6 2. Nf3 d5 3. e3 f5 4. c4 c6 5. Bd3 Nf6 6. O-O Bd6 7. b3 Qe7 8. Bb2 O-O 9. Ne5 {A84: Dutch Defence: 2 c4 Miscellaneous} (9. Qc1 b6 10. Ba3 c5 11. dxc5 bxc5 12. cxd5 Nxd5 13. Nc3 Nd7 14. Nb5 Bb8 15. Be2 Bb7 16. Rd1 a6 17. Nc3 Bd6 18. Bb2 Rad8 19. Nxd5 {0-1 (19) Yakubboev,N (2556)-Tomashevsky,E (2705) St Petersburg 2018}) 9... Nbd7 10. cxd5 (10. Nd2 $14) 10... exd5 $11 {[%cal Rd7e5]} 11. f4 {The position is equal.} Ne4 12. Qc1 $146 ({Predecessor:} 12. Nd2 Nxe5 13. dxe5 Bc5 14. Qe2 g5 15. fxg5 Nxg5 {0-1 (52) Bets,A (2377)-Krapivin,A (2451) St Petersburg 2005}) 12... Rf6 13. Ba3 Rh6 {[%cal Rd7e5]} 14. Bxd6 Nxd6 15. Nd2 Nf6 16. Ndf3 Nde4 17. Qe1 a5 18. a3 Be6 {[#]} 19. b4 $1 {[%cal Bb3b4,Bb4b5][%mdl 32]} a4 20. b5 c5 21. dxc5 Nxc5 22. Qb4 b6 23. Rad1 Kh8 24. Nc6 Qe8 25. Qd4 Nfd7 26. Bc2 Rf6 27. Rfe1 Rf8 28. Qb4 Nf6 29. Nfe5 Nfe4 30. Bb1 Bg8 31. Ba2 Nf6 32. Qb1 Nce4 {...Nc3 would now be nice for Black.} 33. Qb2 Nc5 34. Qb4 Rc8 35. h3 Rc7 36. Re2 Qh5 37. Qe1 Re8 (37... g5 $11) 38. Rd4 Be6 39. Rc2 Bg8 40. Qe2 Qh4 41. Qf2 Qh5 42. Qf3 {[%cal Ra2d5]} Qh4 43. g3 $40 {[%mdl 128] White mounts an attack.} Qh6 44. Rg2 Nce4 45. Bb1 Be6 ({Don't blunder} 45... Qxh3 $2 46. Rh2 $18) 46. g4 Qh4 {White must now prevent ...Qe1+.} 47. Bxe4 Nxe4 48. Rxa4 fxg4 49. hxg4 {aiming for Ng6+!} Qe1+ 50. Kh2 Nd2 (50... g5 $11) 51. Qe2 $16 Qh4+ $2 (51... Qxe2 $16 52. Rxe2 Nc4) 52. Kg1 $18 Ne4 {[#]} 53. Ng6+ $1 {[%mdl 512]} hxg6 54. Rh2 Qxh2+ 55. Qxh2+ Kg8 56. f5 {[%mdl 64] Discovered Attack. Accuracy: White = 71%, Black = 47%.} 1-0

[Event "SRB-ch Men Semifinal 2019"]
[Site "Kragujevac"]
[Date "2019.03.12"]
[Round "7.10"]
[White "Zlatanovic, Boroljub"]
[Black "Dudukovic, Nikola"]
[Result "1-0"]
[WhiteElo "2376"]
[BlackElo "2406"]
[Annotator "TA"]
[PlyCount "103"]
[EventDate "2019.03.08"]
[EventType "swiss"]
[EventCountry "SRB"]
[SourceTitle "playchess.com"]
[Source "ChessBase"]
[SourceQuality "1"]

{[%evp 11,103,0,20,-14,-5,-10,0,-26,-16,-28,-21,-12,-10,-4,8,-2,5,0,0,-7,15,8,16,-20,96,97,112,117,116,108,122,110,122,97,202,202,195,195,202,193,185,187,204,204,204,204,237,237,237,237,237,237,244,244,244,235,239,242,244,240,237,237,238,236,249,247,238,227,231,180,251,260,275,222,253,209,204,213,252,252,522,779,762,710,719,719,1252,1191,1066,965,947,706,1630,1548]} 1. e4 e5 2. Nc3 Nf6 3. Nf3 Nc6 4. Bb5 Nd4 5. Bc4 Bc5 6. d3 d6 7. h3 {C48: Four Knights: 4 Bb5, replies other than 4...Bb4} (7. Na4 b5 8. Nxd4 bxc4 9. Nf5 Bxf5 10. exf5 cxd3 11. Nxc5 dxc5 12. cxd3 Qd7 13. Qf3 O-O 14. Bg5 Rab8 {½-½ (30) Kovalev,V (2664)-Ragger,M (2686) Batumi 2018}) 7... c6 (7... O-O {is more complex.} 8. Nxd4 Bxd4 9. Qf3 Be6 10. Ne2 d5) 8. Nxd4 Bxd4 9. Ne2 {The position is equal.} Bb6 10. O-O O-O 11. Ng3 Be6 12. Qf3 $146 ({Predecessor:} 12. Bb3 d5 13. Qf3 h6 14. Nf5 Bxf5 15. Qxf5 dxe4 16. dxe4 {½-½ (26) Perez Pastora,E (2179)-Soler Lopez,H (1851) Barcelona 2015}) 12... Qd7 13. Bg5 Ne8 14. Rad1 d5 {[#] Hoping for ...f6.} 15. Bb3 f6 16. Be3 Nc7 17. d4 exd4 (17... dxe4 $11 18. Qxe4 f5) 18. Bxd4 $16 Qf7 19. Nf5 Bxf5 20. Qxf5 {[#] exd5 is the strong threat.} Rad8 21. Bxb6 axb6 22. Rd3 Qg6 (22... Rfe8 $16) 23. Qxg6 $18 hxg6 24. exd5 cxd5 25. Rfd1 Rfe8 26. Bxd5+ Rxd5 27. Rxd5 Nxd5 28. Rxd5 {[%mdl 4096] Endgame KR-KR} Re1+ 29. Kh2 Re2 30. Rd8+ Kh7 31. Rd6 b5 32. Rb6 Rxc2 33. Rxb5 Rc7 34. Kg3 Kg8 35. Kf3 Kf7 36. h4 Ke6 37. Ke3 Rd7 38. Rb4 Rc7 39. Re4+ Kf7 40. Kd3 Rc5 (40... b5 {was called for.} 41. g3 Rc5) 41. a4 b6 42. Re1 g5 43. hxg5 Rxg5 44. g3 Rf5 45. Re2 b5 $2 (45... Rd5+ 46. Kc4 Rc5+ 47. Kb4 g5) 46. axb5 {White is clearly winning.} Rxb5 47. Kc4 Rb8 48. b4 {[%cal Bb2b4,Bb4b5][%mdl 32]} Kg6 49. b5 Kf5 50. f3 Rc8+ 51. Kb4 Rc1 52. Re3 {Accuracy: White = 73%, Black = 36%.} 1-0

[Event "SRB-ch Men Semifinal 2019"]
[Site "Kragujevac"]
[Date "2019.03.13"]
[Round "8.5"]
[White "Kovacevic, Aleksandar"]
[Black "Ivic, Velimir"]
[Result "1/2-1/2"]
[WhiteElo "2494"]
[BlackElo "2487"]
[Annotator "TA"]
[PlyCount "23"]
[EventDate "2019.03.08"]
[EventType "swiss"]
[EventCountry "SRB"]
[SourceTitle "playchess.com"]
[Source "ChessBase"]
[SourceQuality "1"]

{[%evp 11,23,8,22,22,14,22,25,15,18,15,21,31,34,-16]} 1. e4 c5 2. Nf3 d6 3. d4 cxd4 4. Qxd4 Nc6 5. Bb5 Bd7 6. Qd3 Nf6 7. c4 {B53: Sicilian: 2...d6: Lines with Qxd4} g6 8. Nc3 Bg7 9. O-O O-O 10. h3 a6 11. Bxc6 Bxc6 12. Bg5 $146 ({Predecessor:} 12. Nd4 Nd7 13. Be3 Rc8 14. Rac1 Qa5 {1-0 (49) Karjakin,S (2760)-Amonatov,F (2636) Riadh 2017}) 1/2-1/2

[Event "SRB-ch Men Semifinal 2019"]
[Site "Kragujevac"]
[Date "2019.03.13"]
[Round "8.6"]
[White "Cabarkapa, Novak"]
[Black "Damljanovic, Branko"]
[Result "1-0"]
[WhiteElo "2443"]
[BlackElo "2495"]
[Annotator "TA"]
[PlyCount "69"]
[EventDate "2019.03.08"]
[EventType "swiss"]
[EventCountry "SRB"]
[SourceTitle "playchess.com"]
[Source "ChessBase"]
[SourceQuality "1"]

{[%evp 12,69,38,13,30,26,46,13,19,15,20,33,30,25,25,8,23,-33,-39,-44,-25,-29,-1,-98,-91,-94,-93,-112,-87,-79,-61,-128,-119,-112,-52,-76,-72,-79,0,0,0,-99,-12,-12,-12,-14,-16,-15,-7,-15,-15,-26,0,0,98,93,165,164,159,175]} 1. e4 c5 2. Nf3 e6 3. d4 cxd4 4. Nxd4 a6 5. c4 Nf6 6. Nc3 Bb4 7. Qf3 Qc7 {B41: Sicilian: Kan Variation: 5 c4} 8. a3 Bd6 9. Be2 $146 ({Predecessor:} 9. Be3 Be5 10. O-O-O Nc6 11. Kb1 O-O 12. g4 b5 13. g5 Ne8 14. Nxc6 dxc6 15. Bc5 {1-0 (25) Vuckovic,B (2640)-Kovacevic,A (2573) Kragujevac 2010}) 9... Nc6 {The position is equal.} 10. Nxc6 dxc6 11. Qe3 e5 12. Qg3 O-O 13. Bh6 {[%csl Gh6][%cal Rg3g7]} (13. Bg5 {keeps more tension.} Kh8 14. O-O Be7 15. Kh1 b5 16. Rac1) 13... Ne8 14. Rc1 (14. Be3 $11) 14... f5 $15 15. Bd2 f4 16. Qd3 Be6 17. Nd5 (17. Na4 $11) 17... Qf7 $17 18. Nb6 Rd8 $36 {[%mdl 2048] Black is really pushing.} 19. c5 Bc7 20. Qc2 Qg6 21. Kf1 (21. Bf3 $1 $15) 21... Bxb6 22. cxb6 {[#]} Nd6 (22... f3 $1 $17 {[%mdl 512]} 23. Bxf3 Nd6) 23. f3 $1 $15 Nb5 24. Bc3 Nd4 (24... Nxc3 $17 25. Qxc3 Qg5) 25. Bxd4 $1 $11 Rxd4 26. Rd1 (26. Kf2 $1 $11) 26... Rfd8 (26... c5 $17 27. Rxd4 cxd4) 27. Rxd4 Rxd4 28. Kf2 $1 Qf6 {...Qh4+ is the strong threat.} 29. Rc1 Qh4+ 30. Kg1 Qd8 31. Qc5 Rd2 32. Kf1 Bf7 (32... Qg5 $11 {remains equal.}) 33. Qxe5 $16 Qxb6 (33... h6 $16) 34. Qb8+ $18 Rd8 {[#]} 35. Rxc6 $1 {[%mdl 512] Accuracy: White = 46%, Black = 51%.} 1-0

[Event "SRB-ch Men Semifinal 2019"]
[Site "Kragujevac"]
[Date "2019.03.13"]
[Round "8.7"]
[White "Zajic, Milan"]
[Black "Radovanovic, Mihajlo"]
[Result "1/2-1/2"]
[WhiteElo "2485"]
[BlackElo "2483"]
[Annotator "TA"]
[PlyCount "43"]
[EventDate "2019.03.08"]
[EventType "swiss"]
[EventCountry "SRB"]
[SourceTitle "playchess.com"]
[Source "ChessBase"]
[SourceQuality "1"]

{[%evp 26,28,-8,-39,-29]} 1. e4 c5 2. Nc3 d6 3. Nge2 Nf6 4. g3 g6 5. Bg2 Bg7 6. d4 cxd4 7. Nxd4 O-O 8. h3 Nc6 9. Nde2 Rb8 10. O-O b5 11. a3 a5 {[%cal Ba7a5,Ba5b4][%mdl 32]} 12. Bg5 b4 13. axb4 axb4 14. Nd5 {LiveBook: 12 Games} Nd7 $1 {[#] B70: Sicilian Dragon: 6 g3 and 6 Be2 (without a later Be3)} {Predecessor:} 15. Qc1 $146 Re8 16. Rd1 Nc5 17. Bh6 Bh8 18. Be3 Bd7 19. Nd4 e6 20. Nxc6 Bxc6 21. Bxc5 dxc5 22. Nxb4 {½-½ (55) Movsesian,S (2653)-Kryakvin,D (2529) Pardubice 2015} 1/2-1/2